000 00358nam a2200145Ia 4500
008 210210b1995 xxu||||| |||| 00| 0 eng d
041 _aeng
082 _a542/169 UGC
100 _aBAHL (B S)
245 _aTextbook of organic chemistry
260 _aND
_bS. Chand & Co. Ltd.
_c1995
690 _aOrganic Chemistry
700 _aBAHL (A)
906 _a049391
999 _c128082
_d128082